Sjednocení výrobních podmínek v zemích českých a na Slovensku
Salvato in:
| Autore principale: | |
|---|---|
| Natura: | Libro |
| Lingua: | ceco |
| Pubblicazione: |
Praha
Orbis
1933
|
| Serie: | Knihovna Sboru pro výzkum Slovenska a Podkarpatské Rusi při Slovanském ústavě v Praze
č. 7 |
| Soggetti: | |
| Tags: |
Nessun Tag, puoi essere il primo ad aggiungerne!!
|
MARC
| LEADER | 00000nam a2200000 4500 | ||
|---|---|---|---|
| 001 | c141359 | ||
| 005 | 20221207075030.8 | ||
| 041 | 0 | |a cze | |
| 044 | |a CZ | ||
| 245 | 1 | 0 | |a Sjednocení výrobních podmínek v zemích českých a na Slovensku |c Imrich Karvaš |
| 264 | 1 | |a Praha |b Orbis |c 1933 | |
| 300 | |a 132 s. | ||
| 490 | 1 | |a Knihovna Sboru pro výzkum Slovenska a Podkarpatské Rusi při Slovanském ústavě v Praze |v č. 7 | |
| 830 | 0 | |a Knihovna Sboru pro výzkum Slovenska a Podkarpatské Rusi při Slovanském ústavě v Praze |v č. 7 | |
| 610 | 2 | 0 | |a hospodárstvo národné |
| 100 | 1 | |a Karvaš, Imrich | |